प्रसाद-संगीत / (Record no. 111474)
[ view plain ]
| 000 -LEADER | |
|---|---|
| fixed length control field | 00855nam a22002417a 4500 |
| 005 - DATE AND TIME OF LATEST TRANSACTION | |
| control field | 20170124102924.0 |
| 010 ## - LIBRARY OF CONGRESS CONTROL NUMBER | |
| LC control number | 098519 |
| 020 ## - INTERNATIONAL STANDARD BOOK NUMBER | |
| Terms of availability | 02.00 |
| 035 ## - SYSTEM CONTROL NUMBER | |
| System control number | 098519 |
| 037 ## - SOURCE OF ACQUISITION | |
| Source of stock number/acquisition | Cen Lib/Ret |
| 040 ## - CATALOGING SOURCE | |
| Original cataloging agency | DPL |
| Language of cataloging | HN |
| 082 ## - DEWEY DECIMAL CLASSIFICATION NUMBER | |
| Classification number | 821 |
| Item number | प्रसाद |
| 100 ## - MAIN ENTRY--PERSONAL NAME | |
| Personal name | प्रसाद, जयशंकर |
| 9 (RLIN) | 141706 |
| 245 ## - TITLE STATEMENT | |
| Title | प्रसाद-संगीत / |
| Statement of responsibility, etc | जयशंकर प्रसाद |
| 246 ## - VARYING FORM OF TITLE | |
| Title proper/short title | Prasad - sangeet |
| Remainder of title | by Jayshankar Prasad |
| 260 ## - PUBLICATION, DISTRIBUTION, ETC. (IMPRINT) | |
| Name of publisher, distributor, etc | भारती-भण्डार |
| Date of publication, distribution, etc | 2013 |
| 300 ## - PHYSICAL DESCRIPTION | |
| Extent | 143पृ. |
| Dimensions | 17सेमी (सजिल्द) |
| 650 ## - SUBJECT ADDED ENTRY--TOPICAL TERM | |
| Topical term or geographic name as entry element | प्रसाद -- संगीत |
| 9 (RLIN) | 141707 |
| 650 ## - SUBJECT ADDED ENTRY--TOPICAL TERM | |
| Topical term or geographic name as entry element | हिंदी साहित्य |
| 9 (RLIN) | 141708 |
| 650 ## - SUBJECT ADDED ENTRY--TOPICAL TERM | |
| Topical term or geographic name as entry element | Prasad -- music |
| 9 (RLIN) | 43034 |
| 650 ## - SUBJECT ADDED ENTRY--TOPICAL TERM | |
| Topical term or geographic name as entry element | Hindi literature |
| 9 (RLIN) | 141709 |
| 942 ## - ADDED ENTRY ELEMENTS (KOHA) | |
| Source of classification or shelving scheme | Dewey Decimal Classification |
| Koha item type | Hindi Books |
| Classification part | 821 |
| Call number suffix | प्रसाद |
| Withdrawn status | Lost status | Damaged status | Not for loan | Home library | Current library | Date acquired | Source of acquisition | Cost, normal purchase price | Total Checkouts | Full call number | Barcode | Date last seen | Copy number | Cost, replacement price | Price effective from | Koha item type |
|---|---|---|---|---|---|---|---|---|---|---|---|---|---|---|---|---|
| Central Library | Central Library | 03/08/2015 | Cen Lib/Ret | 2.00 | 821 प्रसाद | 098519 | 03/08/2015 | 1 | 2.00 | 03/08/2015 | Hindi Books |
